<?xml version="1.0" encoding="UTF-8"?>
<record
    xmlns:xsi="http://www.w3.org/2001/XMLSchema-instance"
    xsi:schemaLocation="http://www.loc.gov/MARC21/slim http://www.loc.gov/standards/marcxml/schema/MARC21slim.xsd"
    xmlns="http://www.loc.gov/MARC21/slim">

  <leader>00860naa a2200205 a 4500</leader>
  <controlfield tag="001">80172</controlfield>
  <controlfield tag="003">BD-RjUL</controlfield>
  <controlfield tag="005">20220804130631.0</controlfield>
  <controlfield tag="008">220804s19821402ii ||||| |||| 001 e urd d</controlfield>
  <datafield tag="035" ind1=" " ind2=" ">
    <subfield code="a">(BD-RjUL)80172</subfield>
  </datafield>
  <datafield tag="040" ind1=" " ind2=" ">
    <subfield code="a">BD-RjUL</subfield>
    <subfield code="b">eng</subfield>
    <subfield code="c">BD-RjUL</subfield>
  </datafield>
  <datafield tag="041" ind1=" " ind2=" ">
    <subfield code="a">urd</subfield>
  </datafield>
  <datafield tag="082" ind1=" " ind2=" ">
    <subfield code="2">23</subfield>
    <subfield code="a">297.09</subfield>
    <subfield code="b">NAL 1982</subfield>
  </datafield>
  <datafield tag="100" ind1=" " ind2=" ">
    <subfield code="a">&#x627;&#x644;&#x646;&#x62F;&#x648;&#x64A;,  &#x645;&#x62D;&#x645;&#x62F; &#x631;&#x626;&#x64A;&#x633;  ;; [Nadwi Mohamed Rais]</subfield>
    <subfield code="9">4292</subfield>
  </datafield>
  <datafield tag="245" ind1="1" ind2="4">
    <subfield code="a">&#x627;&#x644;&#x644;&#x645;&#x62D;&#x627;&#x62A; &#x625;&#x644;&#x649; &#x645;&#x627; &#x641;&#x64A; &#x623;&#x646;&#x648;&#x627;&#x631; &#x627;&#x644;&#x628;&#x627;&#x631;&#x64A; &#x645;&#x646; &#x627;&#x644;&#x638;&#x651;&#x644;&#x645;&#x627;&#x62A; - &#x623;&#x631;&#x62F;&#x648; ;;; [allamahat aly mafy anwar albari min alzulumat] /</subfield>
    <subfield code="c"> &#x645;&#x62D;&#x645;&#x62F; &#x631;&#x626;&#x64A;&#x633; &#x627;&#x644;&#x646;&#x62F;&#x648;&#x64A;  ;;; [Mohamed rayiys  Nadwi]</subfield>
  </datafield>
  <datafield tag="260" ind1=" " ind2=" ">
    <subfield code="a">Benares ;;;; &#x628;&#x646;&#x627;&#x631;&#x633;</subfield>
    <subfield code="b">&#x627;&#x62F;&#x627;&#x631;&#x629; &#x627;&#x644;&#x628;&#x62D;&#x648;&#x62B; &#x627;&#x644;&#x625;&#x633;&#x644;&#x627;&#x645;&#x64A;&#x629; &#x62C;&#x627;&#x645;&#x639;&#x647; &#x633;&#x644;&#x641;&#x64A;&#x647; , adarat albuhuth al'iislamiat jamieuh salafih ,</subfield>
    <subfield code="c">1982</subfield>
  </datafield>
  <datafield tag="300" ind1=" " ind2=" ">
    <subfield code="a">500+16 p. ;</subfield>
    <subfield code="c">23 cm</subfield>
  </datafield>
  <datafield tag="650" ind1=" " ind2=" ">
    <subfield code="a">Islamic History</subfield>
    <subfield code="9">4293</subfield>
  </datafield>
  <datafield tag="942" ind1=" " ind2=" ">
    <subfield code="2">ddc</subfield>
    <subfield code="c">BK</subfield>
  </datafield>
  <datafield tag="999" ind1=" " ind2=" ">
    <subfield code="c">80172</subfield>
    <subfield code="d">80172</subfield>
  </datafield>
  <datafield tag="952" ind1=" " ind2=" ">
    <subfield code="0">0</subfield>
    <subfield code="1">0</subfield>
    <subfield code="2">ddc</subfield>
    <subfield code="4">0</subfield>
    <subfield code="7">1</subfield>
    <subfield code="8">NFIC</subfield>
    <subfield code="a">RUCL</subfield>
    <subfield code="b">RUCL</subfield>
    <subfield code="c">Reading</subfield>
    <subfield code="d">2022-08-04</subfield>
    <subfield code="l">0</subfield>
    <subfield code="o">U 297.09 NAL 1982</subfield>
    <subfield code="r">2022-08-04 00:00:00</subfield>
    <subfield code="t">C-1</subfield>
    <subfield code="w">2022-08-04</subfield>
    <subfield code="y">BK</subfield>
  </datafield>
</record>
